000 00619nam a2200229Ia 4500
003 OSt
005 20221007075646.0
006 a|||||r|||| 00| 0
007 ta
008 221006b |||||||| |||| 00| 0 eng d
024 _a17,183
037 _cTextual
040 _aFLL
_cFLL
_beng
041 _2eng
_aeng
082 _aXM55:6:Z2q, L9
100 _aAggarwal V.S. Au.
_9694097
245 0 _aCompany deposit rules
260 _aNew Delhi
_bNational publishing house India
_c1979
300 _a159p
_ccm.
942 _hXM55:6:Z2q, L9
_cTEXL
_2CC
999 _c1156911
_d1156911